| 000 | 01055nam a22003011 4500 | ||
|---|---|---|---|
| 001 | 18895 | ||
| 003 | BD-RjUL | ||
| 005 | 20211209000343.0 | ||
| 008 | 140222r19471829enk 001 0beng | ||
| 035 | _a(BD-RjUL)18953 | ||
| 035 | _a(OCoLC)27520862 | ||
| 040 |
_aDLC _cOSteC _dDLC _dBD-RjUL _beng |
||
| 041 | _aeng | ||
| 082 |
_a923.144 _bLOH 1947 |
||
| 100 | 1 |
_aLockhart, J. G. _q(John Gibson), _d1794-1854. _958271 |
|
| 245 | 1 | 4 |
_aThe history of Napoleon Buonaparte / _cJohn Gibson Lockhart. |
| 260 |
_aLondon ; _bJ.M. Dent & sons, ltd. ; _aNew York : _bE.P. Dutton & co., inc., _c1947. |
||
| 300 |
_a3 p. l., ix-xi 511 [1] p. ; _c18 cm. |
||
| 490 | 0 |
_aEveryman's library. Biography _v[no. 3] |
|
| 500 | _a"First published in this edition 1906. Reprinted ... 1930." | ||
| 500 | _a"Works of John Gibson Lockhart": p. xi. | ||
| 504 | _aIncludes index. | ||
| 600 | 0 | 0 |
_aNapoleon _cEmperor of the French, _d1769-1821. _958276 |
| 651 | 0 |
_aFrance _xKings and rulers _vBiography. _958273 |
|
| 942 |
_2ddc _cBK |
||
| 999 |
_c18895 _d18895 |
||